The Ultimate NBA Nickname Quiz - Statistics

General Stats
  • This quiz has been taken 37 times
    25 since last reset
  • The average score is 84 of 500
Answer Stats
Nickname Player % Correct
Bam Bam Bam Adebayo
79%
Melo Carmelo Anthony
79%
The Greek Freak Giannis Antetokounmpo
79%
Aquaman Steven Adams
68%
Agent Zero Gilbert Arenas
63%
Dr. J Julius Erving
63%
Chef Curry Stephen Curry
63%
The Round Mound of Rebound Charles Barkley
58%
Boogie DeMarcus Cousins
58%
Jimmy Buckets Jimmy Butler
58%
Black Mamba Kobe Bryant
58%
Larry Legend Larry Bird
58%
PG-13 Paul George
58%
The Big Fundamental Tim Duncan
58%
Vinsanity Vince Carter
58%
The Answer Allen Iverson
53%
The Brow Anthony Davis
53%
Dame Damian Lillard
53%
D-Rose Derrick Rose
53%
Mt. Mutombo Dikembe Mutombo
53%
J-Kidd Jason Kidd
53%
J.R. Swish J.R. Smith
53%
The Claw Kawhi Leonard
53%
Air Jordan Michael Jordan
53%
Pistol Pete Pete Maravich
53%
Muggsy Tyrone Bogues
53%
Iggy Andre Iguodala
47%
CP3 Chris Paul
47%
C-Webb Chris Webber
47%
DLo D'Angelo Russell
47%
DeAndre 3000 DeAndre Jordan
47%
Book Devin Booker
47%
Magic Earvin Johnson
47%
Air Gordon Eric Gordon
47%
The Beard James Harden
47%
Linsanity Jeremy Lin
47%
KAT Karl-Anthony Towns
47%
The Mailman Karl Malone
47%
Durantula Kevin Durant
47%
King James LeBron James
47%
Cool Hand Luka Luka Dončić
47%
Joker Nikola Jokić
47%
Big O Oscar Robertson
47%
T-Mac Tracy McGrady
47%
Ice Trae Trae Young
47%
The Stilt Wilt Chamberlain
47%
Penny Anfernee Hardaway
42%
Spud Anthony Webb
42%
Big Ben Ben Wallace
42%
Booz Carlos Boozer
42%
The Birdman Chris Andersen
42%
Spida Donovan Mitchell
42%
Superman Dwight Howard
42%
The Glove Gary Payton
42%
The Iceman George Gervin
42%
Big Baby Glen Davis
42%
Zeke Isiah Thomas
42%
White Chocolate Jason Williams
42%
The Logo Jerry West
42%
Iso Joe Joe Johnson
42%
Cap Kareem Abdul-Jabbar
42%
Cardiac Kemba Kemba Walker
42%
The Big Ticket Kevin Garnett
42%
Uncle Drew Kyrie Irving
42%
Tiny Nate Archibald
42%
Lord Covington Robert Covington
42%
The Brodie Russell Westbrook
42%
Zo Alonzo Mourning
37%
B-Roy Brandon Roy
37%
German Jesus Dirk Nowitzki
37%
Splash Gordon Eric Gordon
37%
J Crossover Jamal Crawford
37%
The Process Joel Embiid
37%
Slo Mo Kyle Anderson
37%
Diesel Shaquille O'Neal
37%
AK-47 Andrei Kirilenko
32%
Maple Jordan Andrew Wiggins
32%
Mr. Big Shot Chauncey Billups
32%
The Glide Clyde Drexler
32%
The Admiral David Robinson
32%
Sleepy Eric Floyd
32%
Gary Harris Gary Harris
32%
The Dream Hakeem Olajuwon
32%
King in the Fourth Isaiah Thomas
32%
Zublocka Ivica Zubac
32%
J-Smoove Josh Smith
32%
The Jet Kenny Smith
32%
K-Mart Kenyon Martin
32%
Mr. Mean Larry Smith
32%
Swaggy P Nick Young
32%
Skip 2 My Lou Rafer Alston
32%
Iron Man Randy Smith
32%
Sheed Rasheed Wallace
32%
Sugar Ray Ray Allen
32%
The Stifle Tower Rudy Gobert
32%
The Matrix Shawn Marion
32%
Starbury Stephon Marbury
32%
Smitty Steve Smith
32%
Odie Adrian Smith
26%
Big Sauce Alan Williams
26%
Little General Avery Johnson
26%
Boom Dizzle Baron Davis
26%
Bingo Bobby Smith
26%
Houdini of the Hardwood Bob Cousy
26%
Buck Charles Williams
26%
Cliff Clifford Robinson
26%
Chocolate Thunder Darryl Dawkins
26%
The Worm Dennis Rodman
26%
D-Will Deron Williams
26%
The Human Highlight Film Dominique Wilkins
26%
Flash Dwyane Wade
26%
The Electric Eye Flynn Robinson
26%
Crash Gerald Wallace
26%
Big Dog Glenn Robinson
26%
Honeycomb Gus Johnson
26%
The Wizard Gus Williams
26%
Bloodsport James Johnson
26%
Big Game James James Worthy
26%
Junkyard Dog Jerome Williams
26%
Joe D Joe Dumars
26%
J.J. John Johnson
26%
The Unicorn Kristaps Porziņģis
26%
Fat Lafayette Lever
26%
Grandmama Larry Johnson
26%
Truck Leonard Robinson
26%
Chairman of the Boards Moses Malone
26%
KryptoNate Nate Robinson
26%
Nate the Great Nate Thurmond
26%
Vooch Nikola Vučević
26%
Get Buckets Ricky Davis
26%
The Dunking Dutchman Rik Smits
26%
Big Shot Bob Robert Horry
26%
Timelord Robert Williams III
26%
Reign Man Shawn Kemp
26%
Stevie Franchise Steve Francis
26%
Tim Bug Tim Hardaway
26%
The Microwave Vinnie Johnson
26%
The Greyhound Walter Davis
26%
Clyde Walt Frazier
26%
Tree Wayne Rollins
26%
Z-Bo Zach Randolph
26%
Big Z Zydrunas Ilgauskas
26%
Double A Alvan Adams
21%
Sabas Arvydas Sabonis
21%
Bones Brent Barry
21%
The White Mamba Brian Scalabrine
21%
Thunder Dan Dan Majerle
21%
Skywalker David Thompson
21%
The Pearl Earl Monroe
21%
Frank the Tank Frank Kaminsky
21%
The Dragon Goran Dragić
21%
The Jet Jason Terry
21%
Joe Barely Cares Joe Barry Carroll
21%
Hondo John Havlicek
21%
Optimus Dime John Wall
21%
The Bosnian Beast Jusuf Nurkić
21%
Tazz Khyri Thomas
21%
The Finnisher Lauri Markkanen
21%
The Brazilian Blur Leandro Barbosa
21%
The Man from Sudan Luol Deng
21%
The Polish Hammer Marcin Gortat
21%
The Camby Man Marcus Camby
21%
Super Mario Mario Hezonja
21%
Action Mark Jackson
21%
The Red Mamba Matt Bonner
21%
B-Easy Michael Beasley
21%
Pitchin' Paul Paul Arizin
21%
The Truth Paul Pierce
21%
Never Nervous Pervis Pervis Ellison
21%
The Zen Master Phil Jackson
21%
Q-Rich Quentin Richardson
21%
Rip Richard Hamilton
21%
Popeye Ronald Jones
21%
Rudy T. Rudy Tomjanovich
21%
Pip Scottie Pippen
21%
Reef Shareef Abdur-Rahim
21%
Dugie Slater Martin
21%
Stack Stephen Jackson
21%
Hair Canada Steve Nash
21%
Tommy Gun Tom Chambers
21%
The Grindfather Tony Allen
21%
UD40 Udonis Haslem
21%
Mad Max Vernon Maxwell
21%
Big Bell Walt Bellamy
21%
Smush William Parker
21%
STAT Amar'e Stoudemire
16%
Paper Thin Amir Johnson
16%
Dice Antonio McDyess
16%
The A-Train Artis Gilmore
16%
Mr. Cavalier Austin Carr
16%
The Prince of Darkness Bill Laimbeer
16%
The Secretary of Defense Bobby Jones
16%
Splash Mountain Brook Lopez
16%
Great Scott Charlie Scott
16%
The Boshtrich Chris Bosh
16%
Swiss Bank Clint Capela
16%
Big Nasty Corliss Williamson
16%
The World's Greatest Shooter Damon Jones
16%
Mighty Mouse Damon Stoudamire
16%
Boobie Daniel Gibson
16%
3-D Dennis Scott
16%
Downhill Dion Dion Waiters
16%
Dougie McBuckets Doug McDermott
16%
Day-Day Draymond Green
16%
The Big E Elvin Hayes
16%
Turkish Thunder Ersan İlyasova
16%
Don't Google Evan Fournier
16%
Downtown Fred Brown
16%
Gentlemen Gene Gene Shue
16%
Hawk Hersey Hawkins
16%
Monster Mash Jamal Mashburn
16%
Big Snacks Jerome James
16%
The Manimal Kenneth Faried
16%
Threezus Kyle Korver
16%
Next Town Brown Larry Brown
16%
Spree Latrell Sprewell
16%
Sweet Lou Lou Hudson
16%
The Magician Manu Ginóbili
16%
La Tanqueta Marc Gasol
16%
Mo Maurice Cheeks
16%
Kandi Man Michael Olowokandi
16%
The Threegional Manager Mike Scott
16%
The Nerlen Wall Nerlens Noel
16%
Nick the Quick Nick Van Exel
16%
Spicy P Pascal Siakam
16%
Hoya Destroya Patrick Ewing
16%
Uncle Reg Reggie Miller
16%
Tractor Traylor Robert Traylor
16%
Mr. Clutch Sam Jones
16%
Blue Theodore Edwards
16%
Googs Tom Gugliotta
16%
Wally World Wally Szczerbiak
16%
The Wide U Wes Unseld
16%
Big Z Zelmo Beaty
16%
Zanos Zion Williamson
16%
Iron Man A.C. Green
11%
The Blade Alex English
11%
Mase Anthony Mason
11%
Employee Number Eight Antoine Walker
11%
Dollar Bill Bill Bradley
11%
Medical Bill Bill Cartwright
11%
Big Red Bill Walton
11%
Bullet Bob Bob Boozer
11%
Bobby D Bob Dandridge
11%
Butterbean Bob Love
11%
Bogey Bojan Bogdanović
11%
Big Country Bryant Reeves
11%
The Pocket Rocket Calvin Murphy
11%
Mr. Moves Campy Russell
11%
Jazzy Cazzie Russell
11%
Cornbread Cedric Maxwell
11%
Oak Tree Charles Oakley
11%
The Jet Chet Walker
11%
Bad Porn Corey Maggette
11%
Dr. Rounds Dan Roundfield
11%
DaWhite Howard David Lee
11%
Deebo DeMar DeRozan
11%
The Grand Teuton Detlef Schrempf
11%
Tricky Dick Dick McGuire
11%
The Original Sun Dick Van Arsdale
11%
Easy Ed Ed Macauley
11%
The Rabbit Elgin Baylor
11%
Furk the Turk Furkan Korkmaz
11%
Mr. Basketball George Mikan
11%
Cadillac Greg Anderson
11%
High Gear Hal Greer
11%
Happy Harold Hairston
11%
Crib Midget Jameer Nelson
11%
Buddha James Edwards
11%
Jungle Jim Jim Loscutoff
11%
Jumpin' Joe Joe Fulks
11%
Jumpin' Johnny Johnny Green
11%
Red Johnny Kerr
11%
Simba Justin Anderson
11%
Nook Juwan Howard
11%
Wave Papi Kelly Oubre Jr.
11%
The Black Hole Kevin McHale
11%
Little Drummer Boy Kevin Porter
11%
LMA LaMarcus Aldridge
11%
Born Ready Lance Stephenson
11%
The L-Train Lionel Hollins
11%
Meadowlark Meadow Lemon III
11%
Redd Hot Michael Redd
11%
The Thief Mookie Blaylock
11%
Sweetwater Nat Clifton
11%
Stormin' Norman Norm Van Lier
11%
Meal Ticket Pau Gasol
11%
Westy Paul Westphal
11%
Sweet Lew Rashard Lewis
11%
Fastest of Them All Rickey Green
11%
Hot Rod Rod Hundley
11%
Ron Burgundy Ron Baker
11%
Sam I Am Sam Cassell
11%
Air Congo Serge Ibaka
11%
Sid The Squid Sidney Moncrief
11%
Tommy Gun Tom Heinsohn
11%
The Alaskan Assassin Trajan Langdon
11%
Psycho T Tyler Hansbrough
11%
Vlad Rad Vladamir Radmanovic
11%
X-Man Xavier McDaniel
11%
The Great Wall Yao Ming
11%
Spell Check Aaron Afflalo
5%
Ammo Adam Morrison
5%
The Alphabet Alaa Abdelnaby
5%
Wild Thing Anderson Varejão
5%
Big Penguin Andre Drummond
5%
Handy Andy Andy Phillip
5%
Stilts Arnie Risen
5%
Billy the Bullet Bill Gabor
5%
The Owl without a Vowel Bill Mlkvy
5%
The Kangaroo Kid Billy Cunningham
5%
The Whopper Billy Paultz
5%
The Harrisburg Houdini Bob Davies
5%
Tiger Bob Harrison
5%
Dobber Bob Lanier
5%
Big Blue Bob Pettit
5%
Tea Time Boris Diaw
5%
Big Dukie Brad Daugherty
5%
Real Deal Bradley Beal
5%
The Custodian Brian Cardinal
5%
Killa Cam Cameron Payne
5%
Tuff Juice Caron Butler
5%
The Caveman Chris Kaman
5%
The Rifleman Chuck Person
5%
Li'l Abner Cliff Hagan
5%
The Horse Dan Issel
5%
The Human Victory Cigar Darko Miličić
5%
Dr. Dunkenstein Darrell Griffith
5%
The Rave Dave Cowens
5%
The Latvian Laser Dāvis Bertāns
5%
Mr. Dependable Davon Reed
5%
Old School Chevy Elton Brand
5%
The Frenchise Frank Ntilikina
5%
Mad Dog Fred Carter
5%
Mayor Fred Hoiberg
5%
The Bird George Yardley
5%
G Money Glen Rice
5%
Moose Greg Monroe
5%
Baby Jordan Harold Miner
5%
The Horse Harry Gallatin
5%
Lil Sip Isaiah Canaan
5%
The Old Rancher Jack Coleman
5%
Goldilocks Jack Sikma
5%
Silk Jamaal Wilkes
5%
The Blue Arrow Jamal Murray
5%
Ennis the Menace James Ennis
5%
The Snake James Silas
5%
Pork Chop Jeff Mullins
5%
Mr. Memory Jerry Lucas
5%
Spider Jerry Sloan
5%
Jumpin' Joe Joe Caldwell
5%
The Vanilla Gorilla Joel Pryzbilla
5%
Johnny Mac Jon McGlocklin
5%
Orange Mamba Jordan McRae
5%
Mr. Catering José Calderón
5%
JHolla Jrue Holiday
5%
Red Velvet Kevin Huerter
5%
Devo Kevin Willis
5%
Khash Money Khris Middleton
5%
Humpty-Hump Kris Humphries
5%
The Candy Man Lamar Odom
5%
The President Malcolm Brogdon
5%
The Mutant Malik Beasley
5%
Ziggy Mark Aguirre
5%
The OK Kid Mark Price
5%
Mo' Buckets Marreese Speights
5%
Slats Max Zaslofsky
5%
Air France Mickaël Piétrus
5%
Ol' Hoss Neil Johnston
5%
Sauce Castillo Nik Stauskas
5%
Stormin' Norman Norm Nixon
5%
Mr. 94 Feet Patrick Beverly
5%
The Anchorman Paul Millsap
5%
Stick Ralph Sampson
5%
Baby Ray Ray Felix
5%
Big Paper Daddy Ricky Pierce
5%
The Chief Robert Parish
5%
Roughhouse Rudy Rudy LaRusso
5%
Hard Hat Taj Gibson
5%
The Human Torch Terrence Ross
5%
TLC Timothé Luwawu-Cabarrot
5%
Satch Tom Sanders
5%
Switchblade Trevor Ariza
5%
Reke Havoc Tyreke Evans
5%
The Great Dane Vern Mikkelsen
5%
The Man with the Golden Arm Wayne Ellington
5%
Will the Thrill Will Bynum
5%
Sauldy Woody Sauldsberry
5%
Houdini Alec Burks
0%
The Beak Alex Groza
0%
Cool Breeze Allen Crabbe
0%
YMCA Andrew Nicholson
0%
The Boston Strangler Andrew Toney
0%
Chocolate Reign Anthony Morrow
0%
The Crusher Austin Croshere
0%
Poison Avery Bradley
0%
Young Sav Ben McLemore
0%
The Train Bill Bridges
0%
Bullseye Bill Bill Sharman
0%
Poodle Bill Willoughby
0%
Hooks Bobby Wanzer
0%
Golden Bob Rule
0%
Slenderman Brandom Ingram
0%
The Pterodactyl Brandon Jennings
0%
Lurch Brian Winters
0%
Pit Bull Calvin Natt
0%
Baby Durant Caris LeVert
0%
The Garbage Man Cedric Ceballos
0%
Buffet of Goodness Channing Frye
0%
Swatter Boy Chris Boucher
0%
Special K Clark Kellogg
0%
Jellybelly Clyde Lovellette
0%
The Big Handsome Cody Zeller
0%
The Drunken Dribbler Corey Brewer
0%
Eggs Craig Ehlo
0%
The Rooster Danilo Gallinari
0%
The Homie Dario Šarić
0%
Big D Darrall Imhoff
0%
Big D Dave DeBusschere
0%
Demolition Man David Nwaba
0%
Band-Aid Derrick Chievous
0%
The Skull Dick Barnett
0%
Boo Don Buse
0%
Waxie Don Ohl
0%
The Big Ragu Donte DiVincenzo
0%
The Lobster Dwayne Schintzius
0%
The Twirl Earl Cureton
0%
Socks Elliot Perry
0%
The Villain Evan Turner
0%
Pops Frank Selvy
0%
Stumpy Gail Goodrich
0%
Big Mac George McGinnis
0%
Waterbug Greg Grant
0%
The Dancing Bear Guerschon Yabusele
0%
Count Blockula Hassan Whiteside
0%
The General Horace Grant
0%
The Cyclone Isaiah Whitehead
0%
The Big Cat Jamaal Magloire
0%
The Great Adventure JaVale McGee
0%
Sunshine Jay Layman
0%
The Paperboy Jeff Hornacek
0%
McFilthy Jeff Ruland
0%
The Kangaroo Kid Jim Pollard
0%
The Warden Joel Anthony
0%
The Baptist John Collins
0%
The Torch Junior Bridgeman
0%
Chief Justice Justice Winslow
0%
Big Muddy Justin Patton
0%
Special K Kermit Washington
0%
Rambo Kurt Rambis
0%
The Prince Luc Mbah a Moute
0%
Frodo Luke Ridnour
0%
Lil' Buckets Marcus Thornton
0%
Bad News Marvin Barnes
0%
The Human Eraser Marvin Webster
0%
Outback Jesus Matthew Dellavedova
0%
The Enforcer Maurice Lucas
0%
The Stoker Maurice Stokes
0%
Memo Mehmet Okur
0%
Golden Arches Melvin Turpin
0%
Ron-Ron Metta World Peace
0%
Windex Man Michael Cage
0%
Inspector Go Go Gadget Mikal Bridges
0%
The 3sus of Nazareth Naz Mitrou-Long
0%
Professor Big Shot Nemanja Bjelica
0%
Obocop Orlando Woolridge
0%
Vanilla Thunder Pat Connaughton
0%
Lefty Paul Walther
0%
Johnny Rajon Rondo
0%
Brooklyn Bomber Rawle Alkins
0%
The Thin Man Red Rocha
0%
The Collector Reggie Evans
0%
Riverboat Reggie Reggie Theus
0%
The Boy Wonder Rex Chapman
0%
Curtis Jackson Jr. Rodney Stuckey
0%
Slammin' Sam Sam Lacey
0%
Big Smooth Sam Perkins
0%
Jazzy Cabbages Šarūnas Jasikevičius
0%
The Ninja Sean Elliott
0%
The Thief Sedale Threatt
0%
Muscles Jesus Semi Ojeleye
0%
Spanish Chocolate Sergio Rodríguez
0%
The Plastic Man Stacey Augmon
0%
The Mayor Steve Mix
0%
Ukraine Maker Sviatoslav Mykhailiuk
0%
The Preacher Terry Cummings
0%
Spark Plug Theo Pinson
0%
Floor General T.J. McConnell
0%
Mr. All-Around Tom Gola
0%
Pink Panther Toni Kukoč
0%
Wrecking Ball Tony Wroten
0%
Toko Tornike Shengelia
0%
The Moose Vince Boryla
0%
The Ukraine Train Vitaly Potapenko
0%
Fabio Walter Herrman
0%
The Wall Wayne Embry
0%
The Whale Willis Naulls
0%
The Prince of Mid-Air World B. Free
0%
The Chosen One Yuta Watanabe
0%
Young Hollywood Zach LaVine
0%
No matching quizzes found
Score Distribution
Percent of People with Each Score
Percentile by Number Answered
Your Score History
You have not taken this quiz since the last reset